000
00328nam a2200133Ia 4500
005
20251222141940.0
008
251222s9999||||xx |||||||||||||| ||spa||
020
_a
950-15-2159-1
082
_a
658.314.5/Z64
100
_a
Zemke, Ron
245
0
_a
DesafĂo Generacional
264
_b
Performance Research Asdociates
942
_c
LIB
999
_c
9314
_d
9314